[Event "XXXVII Olimpiadi femminile"]
[Site "Torino ITA"]
[Date "2006.06.02"]
[Round "11.2"]
[White "Maksimovic, Suzana"]
[Black "Aghasiyeva, Fidan Aydin Qizi"]
[Result "1-0"]
[WhiteElo "2295"]
[BlackElo "2088"]
[Annotator "AZE-SCG"]
[PlyCount "73"]
[EventDate "2006.05.21"]

1. d4 d5 2. c4 c6 3. e3 Nf6 4. Nf3 g6 5. Nc3 Bg7 6. Bd3 O-O 7. O-O Bg4 8. h3
Bxf3 9. Qxf3 dxc4 10. Bxc4 Nbd7 11. Rd1 e5 12. d5 cxd5 13. Nxd5 e4 14. Nxf6+
Nxf6 15. Rxd8 exf3 16. Rxa8 Rxa8 17. gxf3 Rd8 18. Bb3 Nd7 19. e4 Ne5 20. Be3
Nxf3+ 21. Kg2 Nd4 22. Rd1 Nc6 23. Rxd8+ Nxd8 24. Bxa7 Bxb2 25. Bd5 Ba3 26. Kf3
Kf8 27. Ke3 Ke7 28. Kd4 Ne6+ 29. Kc4 Nf4 30. Bxb7 Nxh3 31. Kb3 Bd6 32. a4 Nf4
33. Be3 Kd7 34. a5 h5 35. a6 Kc7 36. e5 Bxe5 37. Be4 1-0

[Event "XXXVII Olimpiadi femminile"]
[Site "Torino ITA"]
[Date "2006.06.02"]
[Round "11.1"]
[White "Zapata, Karen"]
[Black "Starr, Nava"]
[Result "1-0"]
[WhiteElo "2236"]
[BlackElo "2169"]
[Annotator "PER-CAN"]
[PlyCount "125"]
[EventDate "2006.05.21"]

1. c4 e5 2. Nc3 Nc6 3. g3 f5 4. Bg2 Nf6 5. Nf3 e4 6. Nh4 d5 7. cxd5 Nxd5 8. Qb3
Nb6 9. Bf1 Nd4 10. Qd1 Be7 11. Ng2 O-O 12. h4 Be6 13. b3 Qd6 14. Bb2 Bf6 15.
Nf4 Bf7 16. Bg2 c6 17. e3 Ne6 18. Nxe6 Bxe6 19. Qe2 Rad8 20. Rd1 Nd7 21. d4
exd3 22. Rxd3 Qb4 23. O-O Nc5 24. Rxd8 Rxd8 25. Nb1 Bxb2 26. Qxb2 Nd3 27. Qc2
Ne1 28. Qc3 Qxc3 29. Nxc3 Nxg2 30. Kxg2 Rd2 31. Rd1 Rc2 32. Rd3 b5 33. g4 b4
34. gxf5 Bxf5 35. Rd8+ Kf7 36. Na4 Rxa2 37. Ra8 Be6 38. Rxa7+ Kf6 39. Rb7 Bxb3
40. Nc5 Rb2 41. Nd3 Bd5+ 42. Kg3 Rb1 43. Nxb4 Ke6 44. Rb6 Rg1+ 45. Kf4 h5 46.
f3 Kd6 47. e4 Kc5 48. Rb7 Bc4 49. Nc2 Bb5 50. e5 Bd3 51. Ne3 Rg6 52. Nf5 Bc4
53. Nxg7 Ba6 54. Rd7 Bc8 55. Rc7 Bh3 56. Nxh5 Kb6 57. Rh7 c5 58. Ke4 Bg2 59.
Nf4 Rg3 60. Nxg2 Rxg2 61. f4 Kb5 62. f5 c4 63. Kd4 1-0

[Event "XXXVII Olimpiadi femminile"]
[Site "Torino ITA"]
[Date "2006.06.02"]
[Round "11.2"]
[White "Khaziyeva, Dinara"]
[Black "Morales Mendoza, Luciana"]
[Result "1/2-1/2"]
[WhiteElo "2103"]
[BlackElo "2154"]
[Annotator "PER-CAN"]
[PlyCount "67"]
[EventDate "2006.05.21"]

1. e4 e6 2. d4 d5 3. Bd3 dxe4 4. Bxe4 Nf6 5. Bf3 c5 6. Ne2 Nc6 7. Be3 e5 8.
Bxc6+ bxc6 9. c3 cxd4 10. cxd4 exd4 11. Qxd4 Qxd4 12. Bxd4 Rb8 13. O-O Be7 14.
Rc1 Ba6 15. Ng3 c5 16. Be5 Rb6 17. Nf5 g6 18. Nxe7 Kxe7 19. Re1 Rc8 20. Nc3 Bb7
21. Rad1 Re6 22. Nb5 Ne8 23. Nxa7 Ra8 24. Nb5 Rxa2 25. Na3 f6 26. Bc3 Nc7 27.
Rxe6+ Kxe6 28. Re1+ Kf7 29. Nc4 Nb5 30. f3 Bd5 31. Ne3 Be6 32. Rc1 Nxc3 33.
Rxc3 Rxb2 34. Rxc5 1/2-1/2

[Event "XXXVII Olimpiadi femminile"]
[Site "Torino ITA"]
[Date "2006.06.02"]
[Round "11.3"]
[White "Aliaga Fernandez, Ingrid Yadira"]
[Black "Smith, Hazel"]
[Result "1-0"]
[WhiteElo "2019"]
[BlackElo "2035"]
[Annotator "PER-CAN"]
[PlyCount "69"]
[EventDate "2006.05.21"]

1. e4 e6 2. d4 d5 3. Nc3 Bb4 4. e5 c5 5. a3 Bxc3+ 6. bxc3 Ne7 7. Qg4 Nf5 8. Bd3
h5 9. Qh3 cxd4 10. Bxf5 exf5 11. cxd4 Nc6 12. Ne2 Qa5+ 13. Bd2 Qa4 14. O-O Qxc2
15. Rfd1 Be6 16. Rac1 Qe4 17. Re1 Qg4 18. Qd3 O-O 19. Nf4 Qh4 20. g3 Qe7 21.
Nxh5 Rfc8 22. h4 Rab8 23. Bg5 Qf8 24. Nf4 Na5 25. h5 Nc4 26. h6 gxh6 27. Bf6
Qxa3 28. Qe2 Qb2 29. Qh5 Kf8 30. Nxe6+ fxe6 31. Qxh6+ Ke8 32. Qg6+ Kd7 33. Qf7+
Kc6 34. Qxe6+ Kb5 35. Rb1 1-0

[Event "XXXVII Olimpiadi femminile"]
[Site "Torino ITA"]
[Date "2006.06.02"]
[Round "11.2"]
[White "Berntsen, Sheila Barth"]
[Black "Franco Valencia, Angela Maria"]
[Result "1-0"]
[WhiteElo "2159"]
[BlackElo "2076"]
[Annotator "COL-NOR"]
[PlyCount "127"]
[EventDate "2006.05.21"]

1. e4 e5 2. f4 d5 3. exd5 exf4 4. Nf3 Nf6 5. Bc4 Nxd5 6. O-O Be6 7. Bb3 Bd6 8.
c4 Nf6 9. d4 O-O 10. Nc3 c6 11. Ne2 Nh5 12. c5 Bc7 13. Bxe6 fxe6 14. Qb3 Qc8
15. Ng5 Rf6 16. Ne4 Rf8 17. Bd2 Na6 18. Ng5 Rf6 19. Rae1 h6 20. Nh3 g5 21. Nf2
Rb8 22. Qh3 Qe8 23. Ng4 Rf8 24. Nxh6+ Kg7 25. Ng4 Qg6 26. Bc3 Kg8 27. Nc1 Rbe8
28. Nd3 Re7 29. Nge5 Qh7 30. Nf2 Nf6 31. Qxh7+ Kxh7 32. Nh3 Kh6 33. g3 Nd5 34.
gxf4 gxf4 35. Bd2 Rf5 36. Nxf4 Kh7 37. Nfd3 Bxe5 38. Nxe5 Kg7 39. h4 Re8 40. a3
Nac7 41. Nc4 Rxf1+ 42. Rxf1 Nb5 43. h5 Nxd4 44. Nd6 Re7 45. h6+ Kh7 46. Rf8 Nc7
47. Ne4 Nf5 48. Nf6+ Kg6 49. h7 Rxh7 50. Nxh7 Nd5 51. Ng5 Nd4 52. Nf3 Nb3 53.
Ra8 Nxc5 54. Rxa7 Kf5 55. b4 Nb3 56. Rxb7 Ke4 57. Kf2 Kd3 58. Bg5 Nc3 59. Rd7+
Kc2 60. Nd4+ Kb2 61. Nxb3 Kxb3 62. Bc1 Na2 63. Bd2 Kxa3 64. Rd6 1-0

[Event "XXXVII Olimpiadi femminile"]
[Site "Torino ITA"]
[Date "2006.06.02"]
[Round "11.3"]
[White "Palao, Maricela"]
[Black "Bjerke, Silje"]
[Result "1/2-1/2"]
[WhiteElo "2152"]
[BlackElo "2161"]
[Annotator "COL-NOR"]
[PlyCount "85"]
[EventDate "2006.05.21"]

1. d4 d5 2. c4 e6 3. Nf3 c6 4. e3 Nf6 5. Nbd2 c5 6. Bd3 Nc6 7. O-O cxd4 8. exd4
Be7 9. b3 dxc4 10. Nxc4 O-O 11. Bb2 Nb4 12. Bb1 Nbd5 13. Nce5 Bd6 14. a3 b6 15.
Qc2 Ba6 16. Re1 Rc8 17. Qd2 Bb7 18. Bd3 Qe7 19. Ng5 h6 20. Nh3 Ba8 21. f3 Rfd8
22. b4 Qb7 23. Rad1 b5 24. Nf2 a6 25. Ne4 Bxe5 26. dxe5 Nxe4 27. Bxe4 Qe7 28.
Qf2 Nf4 29. Bxa8 Rxa8 30. Bd4 Rac8 31. Qg3 Nd5 32. f4 Rc4 33. h3 Qc7 34. Kh2
Nxb4 35. Qf2 Nd5 36. Rd2 a5 37. Red1 Rc8 38. f5 Nf6 39. Re1 exf5 40. Bb6 Qb8
41. Ba7 Qc7 42. Bb6 Qb8 43. Ba7 1/2-1/2

[Event "XXXVII Olimpiadi femminile"]
[Site "Torino ITA"]
[Date "2006.06.02"]
[Round "11.1"]
[White "Siti, Zulaikha"]
[Black "Koskoska, Gabriela"]
[Result "1/2-1/2"]
[WhiteElo "2169"]
[BlackElo "2220"]
[Annotator "MAS-MKD"]
[PlyCount "63"]
[EventDate "2006.05.21"]

1. e4 c5 2. Nc3 Nc6 3. f4 g6 4. Bb5 Nd4 5. Nf3 a6 6. Bd3 d6 7. Nxd4 cxd4 8. Ne2
e5 9. O-O Bg7 10. c3 Nf6 11. cxd4 exd4 12. Qa4+ Nd7 13. b4 O-O 14. Bb2 b5 15.
Qd1 Bb7 16. Ng3 h5 17. Rc1 h4 18. Nh1 Re8 19. Nf2 Nf6 20. Bxd4 Nxe4 21. Bxe4
Bxe4 22. Bxg7 Kxg7 23. Nxe4 Rxe4 24. Qf3 f5 25. Rc6 Kh6 26. Qc3 d5 27. d3 Re2
28. Qc5 Qe8 29. Qd6 Qe3+ 30. Kh1 Rg8 31. Qe5 Qxe5 32. fxe5 1/2-1/2

[Event "XXXVII Olimpiadi femminile"]
[Site "Torino ITA"]
[Date "2006.06.02"]
[Round "11.2"]
[White "Sekulovska, Vesna"]
[Black "Zullkafli, Nur Shazwani"]
[Result "1/2-1/2"]
[WhiteElo "2139"]
[BlackElo "2108"]
[Annotator "MAS-MKD"]
[PlyCount "133"]
[EventDate "2006.05.21"]

1. d4 d5 2. c4 e6 3. Nc3 Nf6 4. Bg5 Nbd7 5. cxd5 exd5 6. e3 c6 7. Bd3 Be7 8.
Qc2 O-O 9. Nf3 Re8 10. h3 Nf8 11. Bf4 Ng6 12. Bh2 Bd6 13. Bxd6 Qxd6 14. O-O-O
Bd7 15. g4 Rac8 16. Kb1 c5 17. g5 cxd4 18. Nxd4 Ne4 19. Bxe4 dxe4 20. Nf5 Qe5
21. Nd6 Bc6 22. h4 a6 23. Qb3 Qe7 24. Nxc8 Rxc8 25. Nd5 Qc5 26. Rc1 Qf8 27. h5
Ne7 28. Nxe7+ Qxe7 29. g6 h6 30. Rhg1 Kf8 31. gxf7 Qxf7 32. Qxf7+ Kxf7 33. Rg6
Rc7 34. b3 Kf8 35. Kb2 Rf7 36. Rg2 Rf5 37. Rcg1 Rf7 38. Kc3 Re7 39. Rg4 Be8 40.
Rf4+ Kg8 41. Kd4 Bc6 42. Rfg4 Kf8 43. a4 Rd7+ 44. Kc4 Re7 45. Rd1 Rc7 46. Rf4+
Ke7 47. Kb4 Ke6 48. Rg1 Ke5 49. Rfg4 Bd5 50. Rxg7 Rc2 51. R7g6 Rb2 52. Rxh6
Rxb3+ 53. Ka5 Be6 54. Rg5+ Bf5 55. Rb6 Rd3 56. Rxb7 Rd5+ 57. Kxa6 Kf6 58. Rbg7
Bc8+ 59. Kb6 Rxg5 60. Rc7 Bg4 61. a5 Be2 62. Rc6+ Kf7 63. a6 Bxa6 64. Kxa6 Rxh5
65. Kb6 Rf5 66. Rc4 Rxf2 67. Rxe4 1/2-1/2

[Event "XXXVII Olimpiadi femminile"]
[Site "Torino ITA"]
[Date "2006.06.02"]
[Round "11.3"]
[White "Marmono, Roslina"]
[Black "Jonoska, Katerina"]
[Result "1/2-1/2"]
[WhiteElo "1976"]
[BlackElo "2051"]
[Annotator "MAS-MKD"]
[PlyCount "38"]
[EventDate "2006.05.21"]

1. d4 e6 2. Nf3 b6 3. g3 Bb7 4. Bg2 f5 5. c4 Nf6 6. Nc3 Bb4 7. a3 Bxc3+ 8. bxc3
O-O 9. O-O d6 10. a4 a5 11. Qb3 Qe7 12. Ba3 Nbd7 13. Rfd1 Rfe8 14. Nh4 Bxg2 15.
Nxg2 Kh8 16. Qc2 e5 17. e3 g6 18. Rab1 Rab8 19. Re1 Qe6 1/2-1/2

[Event "XXXVII Olimpiadi femminile"]
[Site "Torino ITA"]
[Date "2006.06.02"]
[Round "11.1"]
[White "Bakalarz, Grazyna"]
[Black "Geldyeva, Mekhri"]
[Result "0-1"]
[WhiteElo "2068"]
[BlackElo "2274"]
[Annotator "LUX-TKM"]
[PlyCount "96"]
[EventDate "2006.05.21"]

1. d4 d5 2. Nf3 Nf6 3. Bg5 Ne4 4. Bf4 c5 5. c3 Nc6 6. e3 e6 7. Nbd2 Nf6 8. h3
Be7 9. Bd3 O-O 10. Ne5 Nxe5 11. dxe5 Nd7 12. h4 c4 13. Bc2 b5 14. h5 f6 15. h6
g6 16. exf6 Bxf6 17. Bd6 Rf7 18. Qg4 Nf8 19. Qg3 a5 20. a3 Ra6 21. Bxf8 Qxf8
22. Nf3 b4 23. axb4 axb4 24. Rxa6 Bxa6 25. Ne5 Bxe5 26. Qxe5 Bc8 27. f4 Rb7 28.
Kd2 b3 29. Bb1 Rf7 30. g4 Qd8 31. g5 Qc7 32. Qd4 Bb7 33. Rg1 Bc6 34. Ke2 e5 35.
fxe5 Re7 36. Rg3 Qxe5 37. Qxe5 Rxe5 38. Kf2 Bd7 39. Rg1 Kf7 40. Kf3 Bc6 41. Kf4
Re7 42. Rd1 Ke6 43. Rd2 Rf7+ 44. Kg3 Ke5 45. Rh2 Rf8 46. Rh1 Bd7 47. e4 dxe4
48. Re1 Bc6 0-1

[Event "XXXVII Olimpiadi femminile"]
[Site "Torino ITA"]
[Date "2006.06.02"]
[Round "11.2"]
[White "Kudrina, Alia"]
[Black "Mudongo, Boikhutso"]
[Result "0-1"]
[WhiteElo "2042"]
[BlackElo "1951"]
[Annotator "BOT-IPCA"]
[PlyCount "120"]
[EventDate "2006.05.21"]

1. c3 Nf6 2. Qa4 e6 3. e4 Be7 4. e5 Nd5 5. d4 a6 6. c4 Nb6 7. Qc2 d6 8. Nf3
N6d7 9. Bf4 O-O 10. Bd3 g6 11. h4 Nc6 12. h5 Nb4 13. Qd2 Nxd3+ 14. Qxd3 dxe5
15. Nxe5 Nxe5 16. Bxe5 g5 17. Qe4 f6 18. Bg3 Re8 19. Nc3 Bb4 20. O-O Rb8 21.
Rad1 Qd7 22. f4 f5 23. Qe3 g4 24. Bh4 h6 25. Ne2 Qf7 26. Ng3 b6 27. Qb3 Bf8 28.
Rfe1 Bb7 29. Qc2 Ra8 30. b3 Bd6 31. Qc1 a5 32. c5 Bf8 33. Qc2 Bd5 34. Rc1 Bg7
35. Qd3 a4 36. cxb6 cxb6 37. Re2 axb3 38. axb3 Ra3 39. Rb2 Rea8 40. Ne2 Qxh5
41. Be7 Ra1 42. Qc2 Rxc1+ 43. Qxc1 Qe8 44. Bd6 Qb5 45. Qe3 Bf6 46. Kh2 Ra1 47.
Be5 Qe8 48. Bxf6 Qh5+ 49. Kg3 Qh1 50. Nc3 Re1 51. Qf2 Rf1 52. Nxd5 Rxf2 53.
Kxf2 exd5 54. Rc2 Qb1 55. Rc7 Qxb3 56. Rg7+ Kf8 57. Rh7 g3+ 58. Ke1 Qb1+ 59.
Ke2 Qc2+ 60. Ke3 Qxg2 0-1

[Event "XXXVII Olimpiadi femminile"]
[Site "Torino ITA"]
[Date "2006.06.02"]
[Round "11.1"]
[White "Heinatz, Gundula"]
[Black "Ptacnikova, Lenka"]
[Result "1/2-1/2"]
[WhiteElo "2277"]
[BlackElo "2183"]
[Annotator "SUI-ISL"]
[PlyCount "110"]
[EventDate "2006.05.21"]

1. d4 Nf6 2. g3 e6 3. Bg2 d5 4. Nf3 Be7 5. O-O O-O 6. c4 dxc4 7. Ne5 a6 8. Na3
Ra7 9. Naxc4 b6 10. e4 Bb7 11. Re1 c5 12. dxc5 Qxd1 13. Rxd1 Bxc5 14. Re1 b5
15. Na5 Ba8 16. Nb3 Bb6 17. Bd2 Rc7 18. Bc3 Rfc8 19. h3 h6 20. Rad1 Ne8 21. Rd2
Nf6 22. Rd6 Ba7 23. Ng4 Nxg4 24. hxg4 Kf8 25. Red1 Nc6 26. a3 e5 27. g5 hxg5
28. Bh3 Re8 29. Kf1 Bb7 30. Rd7 Rxd7 31. Rxd7 Bc8 32. Kg2 Bxd7 33. Bxd7 Nd4 34.
Bb4+ Re7 35. Na5 Bb6 36. Nc6 Nxc6 37. Bxc6 Bd8 38. Kf3 Kg8 39. Bxe7 Bxe7 40. b4
Bd8 41. Kg4 Bb6 42. Bb7 a5 43. Bc6 axb4 44. axb4 Bxf2 45. Bxb5 Be1 46. Bc4 Bxb4
47. Kxg5 Kf8 48. Kf5 Bc3 49. Kg4 Ke7 50. Kf3 Be1 51. g4 Bd2 52. Bd5 Bf4 53. Ba2
Kf6 54. Bb3 Kg6 55. Bc4 Kf6 1/2-1/2

[Event "XXXVII Olimpiadi femminile"]
[Site "Torino ITA"]
[Date "2006.06.02"]
[Round "11.1"]
[White "Sabirova, Olga"]
[Black "Vovk, Oksana"]
[Result "1/2-1/2"]
[WhiteElo "2212"]
[BlackElo "2164"]
[Annotator "UZB-DEN"]
[PlyCount "90"]
[EventDate "2006.05.21"]

1. e4 e6 2. Nc3 d5 3. d4 Nf6 4. Bg5 Bb4 5. e5 h6 6. Bd2 Bxc3 7. bxc3 Ne4 8. Qg4
g6 9. Qf4 c5 10. Bd3 Nxd2 11. Qxd2 Bd7 12. Nf3 Bc6 13. dxc5 Nd7 14. O-O Qe7 15.
Rfe1 Nxc5 16. Nd4 Kf8 17. Re3 Kg7 18. Rg3 Rac8 19. f4 Bd7 20. Re1 Nxd3 21. cxd3
Qc5 22. Rc1 b5 23. Kh1 b4 24. Ne2 bxc3 25. Rxc3 Qb4 26. d4 Bb5 27. Nc1 Rc4 28.
Nb3 Rhc8 29. Rxc4 Rxc4 30. Qxb4 Rxb4 31. h4 Bc4 32. Nc5 Be2 33. Re3 Bg4 34. Rd3
Bf5 35. Rd2 a5 36. Kg1 g5 37. fxg5 hxg5 38. hxg5 Kg6 39. Kf2 Kxg5 40. Kf3 Bg4+
41. Ke3 Bf5 42. a4 Rc4 43. Rb2 Rc3+ 44. Kf2 Rc4 45. Ke3 Rc3+ 1/2-1/2

[Event "XXXVII Olimpiadi femminile"]
[Site "Torino ITA"]
[Date "2006.06.02"]
[Round "11.2"]
[White "De Blecourt Dalsberg, Sandra"]
[Black "Hamrakulova, Yulduz"]
[Result "1/2-1/2"]
[WhiteElo "2077"]
[BlackElo "2187"]
[Annotator "UZB-DEN"]
[PlyCount "48"]
[EventDate "2006.05.21"]

1. d4 Nf6 2. c4 g6 3. Nc3 Bg7 4. e4 d6 5. Bd3 O-O 6. Nge2 Nc6 7. O-O Nh5 8. Be3
e5 9. d5 Ne7 10. Qd2 f5 11. exf5 Nxf5 12. Bg5 Bf6 13. Ne4 Bxg5 14. Qxg5 Qxg5
15. Nxg5 Ne7 16. Nc3 h6 17. Nge4 Bf5 18. Rfd1 b6 19. b4 a5 20. a3 Kg7 21. Nb5
Rfc8 22. f3 Bd7 23. Nec3 Nf6 24. Kf2 Kf7 1/2-1/2

[Event "XXXVII Olimpiadi femminile"]
[Site "Torino ITA"]
[Date "2006.06.02"]
[Round "11.1"]
[White "Sukandar, Irine Kharisma"]
[Black "Basem-Hassan, Miriam"]
[Result "1/2-1/2"]
[WhiteElo "2213"]
[BlackElo "2028"]
[Annotator "INA-PUR"]
[PlyCount "42"]
[EventDate "2006.05.21"]

1. e4 c5 2. Nf3 Nc6 3. d4 cxd4 4. Nxd4 g6 5. Nc3 Bg7 6. Be3 Nf6 7. Be2 O-O 8.
O-O d5 9. exd5 Nxd5 10. Nxd5 Qxd5 11. Bf3 Qa5 12. Nxc6 bxc6 13. Bxc6 Rb8 14.
Rb1 Rd8 15. Qf3 Rxb2 16. Rxb2 Bxb2 17. a4 Bf5 18. Be4 Be6 19. Bc6 Bf5 20. Be4
Be6 21. Bc6 Bf5 1/2-1/2

[Event "XXXVII Olimpiadi femminile"]
[Site "Torino ITA"]
[Date "2006.06.02"]
[Round "11.1"]
[White "Perez, Eneida"]
[Black "Houska, Jovanka"]
[Result "0-1"]
[WhiteElo "2110"]
[BlackElo "2378"]
[Annotator "DOM-ENG"]
[PlyCount "90"]
[EventDate "2006.05.21"]

1. d4 Nf6 2. e3 g6 3. Nf3 Bg7 4. Be2 O-O 5. O-O c5 6. c3 d5 7. Ne5 Nc6 8. f4
Bf5 9. Nd2 Rc8 10. g4 Be4 11. g5 Ne8 12. Nxe4 dxe4 13. Bg4 e6 14. Qe2 Nd6 15.
b3 Nf5 16. Bb2 cxd4 17. exd4 Nxe5 18. dxe5 Qb6+ 19. Kh1 Ne3 20. Rfe1 Nxg4 21.
Qxg4 Rfd8 22. Qg2 h6 23. Rxe4 hxg5 24. fxg5 Rd5 25. c4 Rd3 26. Rae1 Rcd8 27.
Ba3 R8d4 28. c5 Qa5 29. Bc1 Rd1 30. Rg1 Rxg1+ 31. Kxg1 Rd1+ 32. Kf2 Rxc1 33.
Kf3 Qxc5 34. Qe2 Rc2 35. Qe1 Rxa2 36. Rc4 Qd5+ 37. Qe4 Bxe5 38. Rc8+ Kg7 39.
Qxd5 exd5 40. Rd8 Bxh2 41. Rxd5 Ra3 42. Rb5 b6 43. Ke4 Bg1 44. Kd3 a6 45. Rb4
Bc5 0-1

[Event "XXXVII Olimpiadi femminile"]
[Site "Torino ITA"]
[Date "2006.06.02"]
[Round "11.2"]
[White "Gilbert, Jessie"]
[Black "De La Cruz, Mercedes"]
[Result "1-0"]
[WhiteElo "2144"]
[BlackElo "2101"]
[Annotator "DOM-ENG"]
[PlyCount "81"]
[EventDate "2006.05.21"]

1. d4 Nf6 2. c4 g6 3. Nc3 Bg7 4. e4 d6 5. f3 Nbd7 6. Bg5 c6 7. Nh3 Qc7 8. Qd2
h6 9. Be3 g5 10. Nf2 Nf8 11. Be2 Ng6 12. g3 e5 13. d5 O-O 14. h4 gxh4 15. Bxh6
hxg3 16. Nd3 g2 17. Rg1 Bh3 18. Nf2 Qd7 19. Bd1 Nh5 20. Ba4 Nhf4 21. Bxg7 Kxg7
22. dxc6 bxc6 23. Nd5 Nh4 24. Qc3 Nhg6 25. Rd1 Be6 26. Nxf4 Nxf4 27. Nd3 Nxd3+
28. Rxd3 Bh3 29. f4 Rh8 30. fxe5 Qe6 31. Rxd6 Qg4 32. Bxc6 Qh4+ 33. Kd1 Bg4+
34. Kc1 Qg5+ 35. Qd2 Qxe5 36. Rxg2 Rh1+ 37. Kc2 Rb8 38. Qc3 Qxc3+ 39. bxc3 Rbb1
40. Rxg4+ Kf8 41. Rd2 1-0

[Event "XXXVII Olimpiadi femminile"]
[Site "Torino ITA"]
[Date "2006.06.02"]
[Round "11.3"]
[White "Jose' Polanco, Kenia"]
[Black "Tidman, Sophie E."]
[Result "0-1"]
[WhiteElo "2025"]
[BlackElo "2086"]
[Annotator "DOM-ENG"]
[PlyCount "62"]
[EventDate "2006.05.21"]

1. d4 Nf6 2. c4 e6 3. Nc3 c5 4. d5 exd5 5. cxd5 d6 6. f3 g6 7. e4 Bg7 8. Bf4
Nh5 9. Bg3 O-O 10. Bd3 a6 11. a4 f5 12. Nge2 f4 13. Bf2 Qg5 14. Rg1 Nd7 15. Qd2
Ne5 16. O-O-O Bd7 17. Qe1 Qd8 18. b3 b5 19. Bc2 bxa4 20. Nxa4 Bxa4 21. bxa4 Nc4
22. Rd3 Rb8 23. Bb3 Qf6 24. Rc3 Rxb3 25. Rxb3 Qa1+ 26. Rb1 Bb2+ 27. Kc2 Qxa4+
28. Kd3 Rb8 29. Nc3 Rb3 30. Rxb2 Nxb2+ 31. Ke2 Qc4+ 0-1

[Event "XXXVII Olimpiadi femminile"]
[Site "Torino ITA"]
[Date "2006.06.02"]
[Round "11.2"]
[White "Hernandez, Zaida"]
[Black "Coimbra, Margarida"]
[Result "0-1"]
[WhiteElo "2046"]
[BlackElo "2070"]
[Annotator "POR-VEN"]
[PlyCount "80"]
[EventDate "2006.05.21"]

1. e4 e5 2. Nf3 Nc6 3. d4 exd4 4. Nxd4 Bc5 5. Nb3 Bb6 6. Nc3 d6 7. Nd5 Nf6 8.
Qe2 Nxd5 9. exd5+ Ne7 10. Bg5 f6 11. Bf4 O-O 12. O-O-O Re8 13. Qf3 Ng6 14. Bd3
Ne5 15. Bxe5 Rxe5 16. Nd2 Qe8 17. Nc4 Re7 18. g4 Bd7 19. h4 Qf7 20. h5 Rae8 21.
a3 Bc5 22. b4 b5 23. Na5 Bb6 24. Nb3 Ra8 25. Kb2 Rae8 26. c3 Re5 27. Nc1 a6 28.
Ne2 f5 29. g5 Qxd5 30. Qxd5+ Rxd5 31. c4 Rxd3 32. Rxd3 Rxe2+ 33. Kc3 bxc4 34.
Rd2 Rxd2 35. Kxd2 Bxf2 36. Rf1 Bd4 37. Re1 Kf7 38. Re2 c3+ 39. Kc2 Ba4+ 40. Kc1
f4 0-1

[Event "XXXVII Olimpiadi femminile"]
[Site "Torino ITA"]
[Date "2006.06.02"]
[Round "11.1"]
[White "Nuritdinova, Elena"]
[Black "Berezina, Irina"]
[Result "1/2-1/2"]
[WhiteElo "2087"]
[BlackElo "2281"]
[Annotator "TJK-AUS"]
[PlyCount "68"]
[EventDate "2006.05.21"]

1. e4 g6 2. d4 c6 3. Nf3 Bg7 4. Be2 d6 5. O-O Nd7 6. Nc3 Qc7 7. Be3 Ngf6 8. h3
O-O 9. Qd2 Re8 10. Rad1 e5 11. dxe5 dxe5 12. Bh6 Nc5 13. Bxg7 Kxg7 14. Qe3 Qb6
15. Nd2 Be6 16. b3 Rad8 17. Nc4 Bxc4 18. Bxc4 Ncd7 19. Qxb6 Nxb6 20. Be2 Rd4
21. f3 Nh5 22. Kf2 Nf4 23. Nb1 Red8 24. c3 Rxd1 25. Rxd1 Rxd1 26. Bxd1 Kf6 27.
h4 Ke7 28. g3 Ne6 29. Nd2 a5 30. Ke3 Nc5 31. Be2 h6 32. f4 Ncd7 33. Bg4 Nf6 34.
Bh3 exf4+ 1/2-1/2

[Event "XXXVII Olimpiadi femminile"]
[Site "Torino ITA"]
[Date "2006.06.02"]
[Round "11.1"]
[White "Connolly, Suzanne"]
[Black "Shabanaj, Eglantina"]
[Result "0-1"]
[WhiteElo "2027"]
[BlackElo "2140"]
[Annotator "IRL-ALB"]
[PlyCount "78"]
[EventDate "2006.05.21"]

1. e4 e6 2. d4 d5 3. Nd2 Nf6 4. e5 Nfd7 5. Bd3 c5 6. c3 Nc6 7. Ne2 Qb6 8. Nf3
a5 9. O-O h6 10. b3 Qc7 11. Bf4 Be7 12. Rc1 g5 13. Bg3 h5 14. h4 gxh4 15. Bxh4
Qd8 16. Bxe7 Qxe7 17. Qd2 b6 18. Bb5 Bb7 19. Qg5 Qxg5 20. Nxg5 Ke7 21. f4 Rag8
22. Rf3 f6 23. Nh3 h4 24. exf6+ Nxf6 25. Bxc6 Bxc6 26. Ng5 Ne4 27. Nh3 Rg7 28.
Kh2 Rhg8 29. Rg1 Bb5 30. Nc1 Nd2 31. Rf2 Nf1+ 32. Rfxf1 Bxf1 33. Rxf1 Rxg2+ 34.
Kh1 Rc2 35. Ng5 Rxc3 36. Re1 cxd4 37. Rxe6+ Kd7 38. Re1 Rgc8 39. Ne2 Re3 0-1

[Event "XXXVII Olimpiadi femminile"]
[Site "Torino ITA"]
[Date "2006.06.02"]
[Round "11.1"]
[White "Arnetta, Maria Teresa"]
[Black "Milligan, Helen"]
[Result "1/2-1/2"]
[WhiteElo "1992"]
[BlackElo "2053"]
[Annotator "ITA2-SCO"]
[PlyCount "47"]
[EventDate "2006.05.21"]

1. e4 e5 2. Nf3 Nf6 3. Nxe5 d6 4. Nf3 Nxe4 5. Nc3 Nxc3 6. dxc3 Be7 7. Bf4 Nc6
8. Qd2 Be6 9. O-O-O Qd7 10. Re1 O-O-O 11. Nd4 Nxd4 12. Qxd4 c5 13. Qe4 Rhe8 14.
Bc4 d5 15. Qe5 Bd6 16. Qxd6 Qxd6 17. Bxd6 Rxd6 18. Be2 Red8 19. Bf3 d4 20. Re5
b6 21. cxd4 Rxd4 22. a3 Rd2 23. Re2 Rxe2 24. Bxe2 1/2-1/2

[Event "XXXVII Olimpiadi femminile"]
[Site "Torino ITA"]
[Date "2006.06.02"]
[Round "11.1"]
[White "Nazarova, Olga"]
[Black "Martinez Porras, Ingrid Lorena"]
[Result "0-1"]
[WhiteElo "2037"]
[BlackElo "1911"]
[Annotator "ICSC-GUA"]
[PlyCount "50"]
[EventDate "2006.05.21"]

1. d4 Nf6 2. c4 c5 3. d5 b5 4. cxb5 a6 5. b6 Qxb6 6. Nc3 g6 7. e4 d6 8. f3 Bg7
9. Bd3 O-O 10. Nge2 Nbd7 11. b3 Ne5 12. Bb2 Nxd3+ 13. Qxd3 Bd7 14. Qd2 Rfc8 15.
Rc1 Rab8 16. Nd1 a5 17. Ba1 a4 18. bxa4 Bxa4 19. O-O Bb5 20. Ndc3 Ba6 21. Rfd1
Qa5 22. Nb1 Qxd2 23. Rxd2 Bh6 24. f4 Nxe4 25. Rdc2 Bd3 0-1

[Event "XXXVII Olimpiadi femminile"]
[Site "Torino ITA"]
[Date "2006.06.02"]
[Round "11.2"]
[White "Monterroso Ochoa, Karla Vanessa"]
[Black "Rossinskaya, Ljudmilla"]
[Result "1/2-1/2"]
[WhiteElo "1723"]
[BlackElo "1931"]
[Annotator "ICSC-GUA"]
[PlyCount "186"]
[EventDate "2006.05.21"]

1. e4 c5 2. c4 Nc6 3. Ne2 Nf6 4. Nbc3 g6 5. d4 cxd4 6. Nxd4 Bg7 7. Be3 O-O 8.
Be2 d6 9. f3 a6 10. Qd2 Bd7 11. O-O Nxd4 12. Bxd4 Bc6 13. Rfd1 Nd7 14. Be3 Nc5
15. Rac1 Na4 16. Nxa4 Bxa4 17. b3 Bc6 18. Bf1 Re8 19. Qf2 Qa5 20. Bb6 Qa3 21.
Qd2 a5 22. c5 Qb4 23. Qf2 a4 24. cxd6 exd6 25. Bc7 axb3 26. Bxd6 Qa4 27. axb3
Qxb3 28. Bc4 Qa4 29. Bc5 b5 30. Bd5 Bxd5 31. Rxd5 b4 32. Bd4 b3 33. Bxg7 Kxg7
34. Rb1 Qa2 35. Qb2+ Qxb2 36. Rxb2 Ra1+ 37. Kf2 Rc8 38. Rdd2 Rc3 39. Ke2 Rg1
40. Kf2 Rh1 41. h3 g5 42. Ke2 Rg1 43. Kf2 Rgc1 44. Ke2 h5 45. Rd1 Rxd1 46. Kxd1
g4 47. Kd2 Rc5 48. Rxb3 gxh3 49. gxh3 f5 50. Rd3 fxe4 51. fxe4 Kf6 52. Ke3 Ra5
53. Kf4 Ra1 54. Rd6+ Ke7 55. Rd5 Rf1+ 56. Kg5 h4 57. Rf5 Re1 58. Rf4 Ke6 59.
Rxh4 Ke5 60. Kg6 Ra1 61. Rg4 Ra6+ 62. Kg5 Ra8 63. Kh4 Ra7 64. Kg3 Ra3+ 65. Kh4
Ra7 66. Kg3 Ra3+ 67. Kg2 Ra2+ 68. Kf1 Ra1+ 69. Ke2 Ra2+ 70. Kd1 Ra1+ 71. Kc2
Ra2+ 72. Kb3 Rd2 73. h4 Rd3+ 74. Kc2 Rh3 75. Kd2 Ra3 76. Ke2 Rb3 77. Kf2 Rb2+
78. Ke3 Rb3+ 79. Kf2 Rb2+ 80. Kg3 Rb3+ 81. Kh2 Rb2+ 82. Rg2 Rxg2+ 83. Kxg2 Kxe4
84. Kg3 Kf5 85. Kf3 Kg6 86. Kg4 Kh6 87. h5 Kh7 88. Kg5 Kg7 89. h6+ Kh7 90. Kh5
Kg8 91. Kg5 Kh7 92. Kh5 Kg8 93. Kg6 Kh8 1/2-1/2